ARRUPE JESUIT UNIVERSITY

CORONAVIRUS -STOP THE SPREAD - CLEAN,DISINFECT,COVER

The confessions of St. Augustine : (Record no. 131403)

MARC details
000 -LEADER
fixed length control field 01017cam a2200301 a 4500
001 - CONTROL NUMBER
control field 2889440
003 - CONTROL NUMBER IDENTIFIER
control field ARRUPE
005 - DATE AND TIME OF LATEST TRANSACTION
control field 20220511085246.0
008 - FIXED-LENGTH DATA ELEMENTS--GENERAL INFORMATION
fixed length control field 861022s1986 mau 000 0aeng
010 ## - LIBRARY OF CONGRESS CONTROL NUMBER
LC control number 86216797
020 ## - INTERNATIONAL STANDARD BOOK NUMBER
International Standard Book Number 0941478556 (pbk.)
040 ## - CATALOGING SOURCE
Original cataloging agency DLC
Transcribing agency DLC
Modifying agency OCoLC
-- DLC
041 1# - LANGUAGE CODE
Language code of text/sound track or separate title englat
050 00 - LIBRARY OF CONGRESS CALL NUMBER
Classification number BR65.A6
Item number E5 1986
082 00 - DEWEY DECIMAL CLASSIFICATION NUMBER
Classification number 270.2/092
-- B
Edition number 21
300 ## - PHYSICAL DESCRIPTION
Dimensions 21 cm.
100 0# - MAIN ENTRY--PERSONAL NAME
Personal name Augustine,
Titles and other words associated with a name of Hippo, Saint,
Dates associated with a name 354-430.
9 (RLIN) 44655
240 10 - UNIFORM TITLE
Uniform title <a href="Confessiones.">Confessiones.</a>
Language of a work English
245 14 - TITLE STATEMENT
Title The confessions of St. Augustine :
Remainder of title a modern English version /
Statement of responsibility, etc by Hal M. Helms.
260 ## - PUBLICATION, DISTRIBUTION, ETC. (IMPRINT)
Place of publication, distribution, etc [Orleans, Mass.] :
Name of publisher, distributor, etc Paraclete Press,
Date of publication, distribution, etc c1986.
300 ## - PHYSICAL DESCRIPTION
Extent 330 p. ;
490 0# - SERIES STATEMENT
Series statement Paraclete living library
500 ## - GENERAL NOTE
General note Translation of: Confessiones.
600 00 - SUBJECT ADDED ENTRY--PERSONAL NAME
Personal name Augustine,
Titles and other words associated with a name of Hippo, Saint,
Dates associated with a name 354-430.
9 (RLIN) 44655
650 #0 - SUBJECT ADDED ENTRY--TOPICAL TERM
Topical term or geographic name as entry element Christian saints
Geographic subdivision Algeria
-- Hippo (Extinct city)
Form subdivision Biography.
700 1# - ADDED ENTRY--PERSONAL NAME
Personal name Helms, Hal McElwaine.
9 (RLIN) 51534
906 ## - LOCAL DATA ELEMENT F, LDF (RLIN)
a 7
b cbc
c orignew
d 3
e ncip
f 19
g y-gencatlg
942 ## - ADDED ENTRY ELEMENTS (KOHA)
Source of classification or shelving scheme Library of Congress Classification
Koha item type Monograph ( Printed materials)
Holdings
Withdrawn status Lost status Source of classification or shelving scheme Damaged status Not for loan Collection code Home library Current library Shelving location Date acquired Total Checkouts Full call number Barcode Date last seen Price effective from Koha item type
    Library of Congress Classification     Main Collection ARRUPE LIBRARY ARRUPE LIBRARY Main Collection 11/05/2022   BR65.A6 E5 1986 46600008471 11/05/2022 11/05/2022 Monograph ( Printed materials)

 

Arrupe Library. PO Box MP320 Mt Pleasant, Harare, Zimbabwe
263 242 745411|librarian@aju.ac.zw